| 000 | 00678nam a22002291i 4500 | ||
|---|---|---|---|
| 001 | bimo0000659007 | ||
| 003 | OSt | ||
| 005 | 20130607171202.0 | ||
| 008 | 900725s1978 sp spa | ||
| 017 |
_aM 20223-1978 _bOficina Depósito Legal Madrid |
||
| 020 | _a84-239-0774-0 | ||
| 035 | _a(OCoLC)431281462 | ||
| 040 |
_aSpMaBN _cBMC |
||
| 082 | _a862.3 | ||
| 100 |
_9106 _aCervantes Saavedra, Miguel _d1547-1616 _xCrítica e interpretación |
||
| 245 | 1 | 3 |
_aEl cerco de Numancia _b; El gallardo español _cMiguel de Cervantes Saavedra |
| 250 | _a5ª ed | ||
| 260 | 0 |
_aMadrid _bEspasa-Calpe _c1978 |
|
| 300 |
_a149 p. _c18 cm |
||
| 490 | 0 |
_aAustral _v774 |
|
| 942 |
_2ddc _cBK |
||
| 999 |
_c453 _d453 |
||